Chanteurs français des années 60 les plus écoutés - Statistiques

Statistiques générales
  • Ce quiz a été pris 168 fois
  • Le résultat moyen est 10 sur 30
Statistiques - réponses
Nb d'auditeurs/mois Artiste % Correct
1 420 000 Johnny Hallyday
78%
968 000 Claude François
74%
2 960 000 Charles Aznavour
65%
1 710 000 France Gall
61%
3 280 000 Édith Piaf
59%
587 000 Georges Brassens
57%
848 000 Eddy Mitchell
54%
997 000 Michel Sardou
54%
1 515 000 Dalida
47%
755 000 Jacques Dutronc
47%
1 190 000 Serge Gainsbourg
45%
872 000 Michel Berger
43%
1 985 000 Françoise Hardy
39%
725 000 Michel Polnareff
35%
647 000 Charles Trenet
32%
831 000 Michel Delpech
30%
2 200 000 Joe Dassin
27%
1 445 000 Véronique Sanson
26%
817 000 Nino Ferrer
22%
1 100 000 Christophe
20%
954 000 Julien Clerc
20%
542 000 Yves Montand
20%
498 000 Gilbert Bécaud
19%
871 000 Brigitte Bardot
17%
683 000 Jane Birkin
14%
665 000 Michel Fugain
14%
488 000 Michel Jonasz
8%
474 000 Gérard Lenorman
7%
2 930 000 F.R. David
2%
527 000 Alain Delon
1%
Aucun quiz correspondant
Distribution des résultats
% des personnes avec chaque résultat
Percentile par nombre de réponses
Votre historique - résultats
Vous n’avez pas pris ce quiz